Can You Name the State Where Each of These Shows Are Set? - Statistics

General Stats
  • This quiz has been taken 32 times
    31 since last reset
  • The average score is 13 of 15
Answer Stats
Show State % Correct
Friends New York
100%
The O.C. California
97%
It's Always Sunny in Philadelphia Pennsylvania
93%
Gilmore Girls Connecticut
90%
Dexter Florida
90%
South Park Colorado
86%
The Good Wife Illinois
86%
Glee Ohio
86%
Northern Exposure Alaska
83%
Stranger Things Indiana
83%
One Tree Hill North Carolina
79%
Ozark Missouri
76%
Freaks and Geeks Michigan
72%
The Sex Lives of College Girls Vermont
69%
Bones Maryland
62%
No matching quizzes found
Score Distribution
Percent of People with Each Score
Percentile by Number Answered
Your Score History
You have not taken this quiz since the last reset